Efficiency test of multilingual and expandable multimedia software "dyslearning" developed for improving reading skills [abstract] /

Elmentve itt :
Bibliográfiai részletek
Szerzők: Mátrai Rita
Kosztyán Zsolt Tibor
Sik-Lányi Cecília
Testületi szerző: Conference of PhD students in computer science (4.)
Dokumentumtípus: Könyv része
Megjelent: University of Szeged Szeged 2004
Sorozat:Conference of PhD Students in Computer Science 4
Kulcsszavak:Számítástechnika - előadáskivonat, Szoftverfejlesztés - előadáskivonat
Tárgyszavak:
Online Access:http://acta.bibl.u-szeged.hu/59784
LEADER 01038naa a2200229 i 4500
001 acta59784
005 20230628121042.0
008 191014s2004 hu o 1|| eng d
040 |a SZTE Egyetemi Kiadványok Repozitórium  |b hun 
041 |a eng 
100 1 |a Mátrai Rita 
245 1 0 |a Efficiency test of multilingual and expandable multimedia software "dyslearning" developed for improving reading skills   |h [elektronikus dokumentum] :  |b [abstract] /  |c  Mátrai Rita 
260 |a University of Szeged  |b Szeged  |c 2004 
300 |a 83-84 
490 0 |a Conference of PhD Students in Computer Science  |v 4 
650 4 |a Természettudományok 
650 4 |a Számítás- és információtudomány 
695 |a Számítástechnika - előadáskivonat, Szoftverfejlesztés - előadáskivonat 
700 0 1 |a Kosztyán Zsolt Tibor  |e aut 
700 0 2 |a Sik-Lányi Cecília  |e aut 
711 |a Conference of PhD students in computer science (4.)  |c Szeged  |d 2004. július 1-4. 
856 4 0 |u http://acta.bibl.u-szeged.hu/59784/1/cscs_2004_083-84.pdf  |z Dokumentum-elérés